Statistiques concernant Films avec Audrey Tautou par image

Cliquez ici pour prendre le quiz!

Statistiques générales

  • Ce quiz a été pris 105 fois
    (36 depuis la dernière actualisation)
  • Le résultat moyen est 7 sur 16

Statistiques - réponses

Réponse% Correct
Le Fabuleux Destin d'Amélie Poulain
100%
Da Vinci Code
91%
Coco avant Channel
71%
L'Auberge espagnole
66%
Un long dimanche de fiançailles
66%
Santa et Cie
54%
Vénus Beauté (Institut)
51%
L'Ecume des jours
46%
Hors de prix
34%
Ensemble, c'est tout
31%
La Délicatesse
26%
L'Odyssée
14%
Thérèse Desqueyroux
14%
A la folie... pas du tout
6%
Dirty Pretty Things
6%
Happy End
6%

Distribution des résultats

Percentile par nombre de réponses

% des personnes avec chaque résultat

Votre développement - résultats

Vous n’avez pas pris ce quiz depuis la dernière actualisation